新永楽型放送の使用駅 - Statistics

General Stats
  • This quiz has been taken 5 times
  • The average score is 14 of 49
Answer Stats
支社 Answer % Correct
高崎支社 あしかがフラワーパーク
60%
新潟支社 酒田
60%
六日町
60%
新白河
60%
南仙台
60%
利府
60%
東北本部 白坂
40%
久田野
40%
矢吹
40%
安積永盛
40%
岩沼
40%
東仙台
40%
岩切
40%
平泉
40%
矢幅
40%
岩手飯岡
40%
東能代
40%
大宮支社 高久
20%
黒田原
20%
豊原
20%
泉崎
20%
日和田
20%
五百川
20%
杉田
20%
金谷川
20%
名取
20%
坂元
20%
山下
20%
浜吉田
20%
逢隈
20%
北山形
20%
羽前山辺
20%
羽前長崎
20%
盛岡支社 山ノ目
20%
前沢
20%
陸中折居
20%
水沢
20%
金崎
20%
六原
20%
花巻空港
20%
石鳥谷
20%
日詰
20%
紫波中央
20%
古舘
20%
仙北町
20%
秋田支社 西目
20%
羽後本荘
20%
新屋
20%
藤崎
20%
No matching quizzes found
Score Distribution
Percent of People with Each Score
Percentile by Number Answered
Your Score History
You have not taken this quiz